Guía ilustrada del proyecto hidroeléctrico Ituango-Antioquia: (Registro nro. 19742)
[ vista simple ]
| 000 -CABECERA | |
|---|---|
| Campo de control | 02060nam a22003857a 4500 |
| 005 - FECHA Y HORA DE LA ULTIMA TRANSACCION | |
| Campo de control | 20170818091045.0 |
| 008 - ELEMENTOS DE LONGITUD FIJA—INFORMACION GENERAL | |
| Campo de control | 170817b2016 ck ||||| |||| 00| 0 spa d |
| 020 ## - ISBN | |
| ISBN | 9789587758993 |
| 040 ## - FUENTE DE CATALOGACIÓN | |
| Agencia catalogadora original | CO-BoIAVH |
| Agencia transcriptora | CO-BoIAVH |
| 041 ## - IDIOMA | |
| Código de idioma para texto/pista de sonido o título separado | Español |
| 044 ## - PAÍS DE PUBLICACIÓN | |
| País de publicación | Colombia |
| 082 ## - NUMERO DE CLASIFICACION DECIMAL DEWEY | |
| Número de clasificación | 333.716 |
| Número del ítem | P94g |
| 100 1# - ASIENTO PRINCIPAL--NOMBRE PERSONAL | |
| Nombre personal | Prieto Cruz, Adriana |
| Término relacionado | Autora |
| 9 (RLIN) | 5382 |
| 245 10 - MENCION DE TITULO | |
| Título | Guía ilustrada del proyecto hidroeléctrico Ituango-Antioquia: |
| Parte restante del título | volumen I. geografía, vegetación y flora |
| 260 ## - PUBLICACION, DISTRIBUCION, ETC. (PIE DE IMPRENTA) | |
| Lugar de publicación, distribución, etc. | Bogotá: |
| Nombre del editor, distribuidor, etc. | Universidad Nacional de Colombia, Facultad de Ciencias Ambientales, Instituto de Ciencias Naturales |
| -- | Empresa Publicas de Medellín |
| Fecha de publicación, distribución, etc. | 2016. |
| 300 ## - DESCRIPCION FISICA | |
| Extensión | 141. páginas |
| Otros detalles físicos | fotografías a color, mapas |
| Dimensiones | 24 x 16 |
| 490 ## - MENCION DE SERIE | |
| Mención de serie | Serie guías de campo del Instituto de Ciencias Naturales, Universidad Nacional de Colombia |
| Designación numérica/secuencial del volumen | 18 |
| 650 14 - ASIENTO SECUNDARIO DE MATERIA - TERMINO TEMATICO | |
| Término temático o nombre geográfico como elemento de entrada | Aspectos ambientales |
| Subdivisión general | Geografía |
| Subdivisión geográfica | Ituango Antioquia (Colombia) |
| 9 (RLIN) | 83259 |
| 650 14 - ASIENTO SECUNDARIO DE MATERIA - TERMINO TEMATICO | |
| Término temático o nombre geográfico como elemento de entrada | Centrales hidroeléctricas |
| Subdivisión general | Ecología |
| Subdivisión geográfica | Ituango Antioquía (Colombia) |
| 9 (RLIN) | 83260 |
| 650 14 - ASIENTO SECUNDARIO DE MATERIA - TERMINO TEMATICO | |
| Término temático o nombre geográfico como elemento de entrada | Flora |
| Subdivisión general | Identificación |
| Subdivisión geográfica | Ituango Antioquia (Colombia) |
| 9 (RLIN) | 83261 |
| 650 14 - ASIENTO SECUNDARIO DE MATERIA - TERMINO TEMATICO | |
| Término temático o nombre geográfico como elemento de entrada | Fauna |
| Subdivisión general | Identificación |
| Subdivisión geográfica | Ituango Antioquia (Colombia) |
| 9 (RLIN) | 83262 |
| 650 14 - ASIENTO SECUNDARIO DE MATERIA - TERMINO TEMATICO | |
| Término temático o nombre geográfico como elemento de entrada | Fitogeografía |
| Subdivisión general | Distribución geográfica |
| Subdivisión geográfica | Ituango Antioquia (Colombia) |
| 9 (RLIN) | 83263 |
| 650 14 - ASIENTO SECUNDARIO DE MATERIA - TERMINO TEMATICO | |
| Término temático o nombre geográfico como elemento de entrada | Ecología animal |
| Subdivisión general | Descripción |
| -- | Conservación |
| Subdivisión geográfica | Ituango Antioquia (Colombia) |
| 9 (RLIN) | 83264 |
| 650 14 - ASIENTO SECUNDARIO DE MATERIA - TERMINO TEMATICO | |
| Término temático o nombre geográfico como elemento de entrada | Ecología forestal |
| Subdivisión general | Inventarios |
| Subdivisión geográfica | Ituango Antioquia (Colombia) |
| 9 (RLIN) | 83265 |
| 650 14 - ASIENTO SECUNDARIO DE MATERIA - TERMINO TEMATICO | |
| Término temático o nombre geográfico como elemento de entrada | Sostenibilidad ambiental |
| Subdivisión general | Conservación de la diversidad biológica |
| Subdivisión geográfica | Ituango Antioquia (Colombia) |
| 9 (RLIN) | 83266 |
| 650 14 - ASIENTO SECUNDARIO DE MATERIA - TERMINO TEMATICO | |
| Término temático o nombre geográfico como elemento de entrada | Plantas |
| Subdivisión general | Lista de especies |
| -- | Descripción |
| Subdivisión geográfica | Ituango Antioquia (Colombia) |
| 9 (RLIN) | 83267 |
| 650 14 - ASIENTO SECUNDARIO DE MATERIA - TERMINO TEMATICO | |
| Término temático o nombre geográfico como elemento de entrada | Vegetación |
| Subdivisión general | Especies endémicas |
| 9 (RLIN) | 83268 |
| 700 ## - ASIENTO SECUNDARIO - NOMBRE PERSONAL | |
| Nombre personal | Serrano Vásquez, Hernán Alonso |
| Término de relación | autor |
| 9 (RLIN) | 83269 |
| 700 ## - ASIENTO SECUNDARIO - NOMBRE PERSONAL | |
| Nombre personal | Rudas Lleras, Agustín |
| Término de relación | autor |
| 9 (RLIN) | 9074 |
| 700 ## - ASIENTO SECUNDARIO - NOMBRE PERSONAL | |
| Nombre personal | Arias García, Juan Carlos |
| Término de relación | autor |
| 9 (RLIN) | 14825 |
| 700 ## - ASIENTO SECUNDARIO - NOMBRE PERSONAL | |
| Nombre personal | Jaimes Roncancio, Mateo Sebastian |
| Término de relación | autor |
| 9 (RLIN) | 83230 |
| 700 ## - ASIENTO SECUNDARIO - NOMBRE PERSONAL | |
| Nombre personal | Rodriguez Ortiz, Juliana |
| Término de relación | editora |
| 9 (RLIN) | 83090 |
| 700 ## - ASIENTO SECUNDARIO - NOMBRE PERSONAL | |
| Nombre personal | Aguirre Ceballos, Jaime |
| Fechas asociadas con el nombre | 1951- |
| Término de relación | editor |
| 9 (RLIN) | 83270 |
| 942 ## - ELEMENTOS ADICIONALES (KOHA) | |
| Sistema de clasificación | Dewey Decimal Classification |
| Tipo de ítem | Libro |
| Withdrawn status | Lost status | Sistema de Clasificación | Damaged status | No para préstamo | Colección | Inventariado | Ubicación Permanente | Ubicación actual | Fecha de adquisición | Fuente de Valor | Valor | Total Checkouts | Número topográfico | Inventario / Código de Barras | Date last seen | Ejemplar | Price effective from | Forma de adquisición | Tipo de material |
|---|---|---|---|---|---|---|---|---|---|---|---|---|---|---|---|---|---|---|---|
| Dewey Decimal Classification | General | Inventariado 2017 | Bogotá | Bogotá | 17/08/2017 | Instituto | 39000.00 | LB-333.716 P94g | 042755 | 17/08/2017 | Ej. 1 | 17/08/2017 | Donación | Libro |